[Event "Camp. rumeno 2015"]
[Site "Calimanesti ROM"]
[Date "2015.04.21"]
[Round "4"]
[White "Dobre, Claudiu Cristian"]
[Black "Miron, Lucian Costin"]
[Result "1/2-1/2"]
[WhiteElo "2360"]
[BlackElo "2486"]
[PlyCount "56"]
[EventDate "2015.04.18"]
[EventRounds "9"]

1. Nf3 Nf6 2. c4 e6 3. b3 c5 4. Bb2 Nc6 5. e3 d5 6. cxd5 Nxd5 7. a3 Bd7 8. Qc2
Rc8 9. Be2 Nf6 10. O-O Be7 11. d3 O-O 12. Nbd2 b6 13. Rac1 Nd5 14. Rfd1 Bf6 15.
Ne4 Bxb2 16. Qxb2 Qe7 17. d4 cxd4 18. Nxd4 Nxd4 19. Rxd4 Rxc1+ 20. Qxc1 Rc8 21.
Rc4 Rxc4 22. Bxc4 Bc6 23. Be2 Bb7 24. Nd2 h6 25. b4 Qf6 26. Bf3 Nc3 27. Qc2 Nd5
28. Nb3 Qd8 1/2-1/2

[Event "Camp. rumeno 2015"]
[Site "Calimanesti ROM"]
[Date "2015.04.22"]
[Round "5"]
[White "Dobre, Claudiu Cristian"]
[Black "Deac, Bogdan Daniel"]
[Result "1-0"]
[WhiteElo "2360"]
[BlackElo "2427"]
[PlyCount "83"]
[EventDate "2015.04.18"]
[EventRounds "9"]

1. Nf3 Nf6 2. c4 b6 3. g3 c5 4. Bg2 Bb7 5. O-O g6 6. b3 Bg7 7. Bb2 O-O 8. Nc3
Na6 9. d4 cxd4 10. Nxd4 Bxg2 11. Kxg2 Nc5 12. f3 a6 13. e4 e6 14. b4 Nb7 15.
Rc1 Rc8 16. Qe2 a5 17. a3 Qe7 18. e5 Ne8 19. Na4 axb4 20. Nxb6 Rd8 21. c5 bxa3
22. Bxa3 Na5 23. Rfd1 Nc7 24. Nb5 Nxb5 25. Qxb5 Nc6 26. f4 g5 27. Nxd7 Rxd7 28.
Qxc6 Rxd1 29. Rxd1 gxf4 30. gxf4 Qh4 31. Qf3 Kh8 32. c6 Rg8 33. Kh1 Bh6 34. Rf1
Qd8 35. Bd6 Qb6 36. c7 Rc8 37. f5 Bg7 38. fxe6 fxe6 39. Rg1 h6 40. Ra1 Qb5 41.
Ra8 Qe8 42. Rb8 1-0

[Event "Camp. rumeno 2015"]
[Site "Calimanesti ROM"]
[Date "2015.04.23"]
[Round "6"]
[White "Marin , Mihail"]
[Black "Dobre, Claudiu Cristian"]
[Result "1-0"]
[WhiteElo "2591"]
[BlackElo "2360"]
[PlyCount "99"]
[EventDate "2015.04.18"]
[EventRounds "9"]

1. d4 d5 2. c4 c6 3. Nf3 Nf6 4. Nc3 e6 5. g3 Nbd7 6. Bg2 dxc4 7. O-O Be7 8. e4
O-O 9. Bf4 Nh5 10. Be3 Nhf6 11. Bf4 Nh5 12. Be3 Nhf6 13. a4 e5 14. d5 cxd5 15.
exd5 e4 16. Ng5 Nb6 17. d6 Qxd6 18. Qxd6 Bxd6 19. Ngxe4 Nxe4 20. Nxe4 Be5 21.
Nc3 Bxc3 22. bxc3 Rd8 23. Rfd1 Bg4 24. Rd4 Rxd4 25. Bxd4 Rd8 26. Bxb7 Rd7 27.
Ba6 Rc7 28. Bxb6 axb6 29. Rb1 Bf3 30. Rxb6 Kf8 31. Rb4 Rd7 32. Rb1 Rd3 33. Rc1
Bd5 34. Bc8 g6 35. Bh3 Ke7 36. a5 Rd2 37. Ra1 Bc6 38. a6 Rd8 39. Bg2 Bxg2 40.
Kxg2 Ra8 41. Kf3 Kd6 42. Ke4 Kc5 43. a7 f6 44. g4 Re8+ 45. Kf4 Ra8 46. h4 Kb6
47. h5 Kb7 48. hxg6 hxg6 49. g5 f5 50. Ra4 1-0

[Event "Camp. rumeno 2015"]
[Site "Calimanesti ROM"]
[Date "2015.04.24"]
[Round "7"]
[White "Posedaru , Bogdan"]
[Black "Dobre, Claudiu Cristian"]
[Result "1/2-1/2"]
[WhiteElo "2346"]
[BlackElo "2360"]
[PlyCount "29"]
[EventDate "2015.04.18"]
[EventRounds "9"]

1. d4 d5 2. c4 c6 3. Nc3 Nf6 4. e3 e6 5. Nf3 Nbd7 6. Qc2 Bd6 7. g4 Nxg4 8. Rg1
Qf6 9. Rxg4 Qxf3 10. Rxg7 Nf6 11. Rg2 h6 12. Qe2 Qxe2+ 13. Bxe2 e5 14. dxe5
Bxe5 15. Bd2 1/2-1/2

[Event "Camp. rumeno 2015"]
[Site "Calimanesti ROM"]
[Date "2015.04.25"]
[Round "8"]
[White "Dobre, Claudiu Cristian"]
[Black "Berescu, Alin Mile"]
[Result "1/2-1/2"]
[WhiteElo "2360"]
[BlackElo "2448"]
[PlyCount "65"]
[EventDate "2015.04.18"]
[EventRounds "9"]

1. Nf3 f5 2. d3 Nc6 3. e4 e5 4. Nc3 Nf6 5. exf5 d5 6. Nh4 Bb4 7. a3 Ba5 8. Bd2
O-O 9. g3 Nd4 10. Bg2 c6 11. Ne2 Nxf5 12. Nxf5 Bxf5 13. Bxa5 Qxa5+ 14. Qd2 Qb6
15. O-O Bg4 16. h3 Bxe2 17. Qxe2 Qxb2 18. Rab1 Qxa3 19. Rxb7 Qd6 20. c4 Rf7 21.
Rfb1 Raf8 22. Qa2 Qc5 23. cxd5 Nxd5 24. Rxf7 Rxf7 25. Rb8+ Rf8 26. Rb7 Rf7 27.
Rb8+ Rf8 28. Rb7 a5 29. Rd7 Qc1+ 30. Kh2 Qc5 31. Kg1 Qc1+ 32. Kh2 Qc5 33. Kg1
1/2-1/2

[Event "Camp. rumeno 2015"]
[Site "Calimanesti ROM"]
[Date "2015.04.26"]
[Round "9"]
[White "Burnoiu, Nicolae Costel"]
[Black "Dobre, Claudiu Cristian"]
[Result "1-0"]
[WhiteElo "2400"]
[BlackElo "2360"]
[PlyCount "63"]
[EventDate "2015.04.18"]
[EventRounds "9"]

1. e4 c6 2. d4 d5 3. e5 c5 4. dxc5 Nc6 5. a3 e6 6. Nf3 Qc7 7. Be3 Nge7 8. Nc3
a6 9. Na4 Rb8 10. b4 Nxe5 11. Nxe5 Qxe5 12. Qd4 Qxd4 13. Bxd4 Nc6 14. Bb2 e5
15. Nb6 Be6 16. O-O-O d4 17. Bc4 Be7 18. Bxe6 fxe6 19. Rhe1 Rd8 20. Nc4 O-O 21.
Nxe5 Nxe5 22. Rxe5 Rxf2 23. Bxd4 Rxg2 24. Rxe6 Rd7 25. Be3 Rc7 26. Rd5 Rg4 27.
Bd4 Kf7 28. Re2 Rg5 29. Rxe7+ Rxe7 30. Rxg5 g6 31. Re5 Rd7 32. c3 1-0

[Event "Camp.Nat.echipe -Div A-"]
[Site "Calimanesti-Caciulata"]
[Date "2014.11.11"]
[Round "4.2"]
[White "Dobre, Claudiu Cristian"]
[Black "Titu, Maiorescu Dorin"]
[Result "1-0"]
[WhiteElo "2342"]
[BlackElo "2201"]
[PlyCount "83"]
[EventDate "2014.11.08"]
[EventType "team"]
[EventRounds "9"]
[WhiteTeam "Petrom Flacara Moreni"]
[BlackTeam "Chindia Targoviste"]

1. e4 b6 2. c4 Bb7 3. Nc3 e6 4. d4 Bb4 5. d5 Bxc3+ 6. bxc3 e5 (6... Qe7 $15) 7.
Qg4 $11 Kf8 (7... Qf6 $1) 8. f4 Qe7 9. f5 $15 (9. Nf3 exf4 10. Qxf4 $14) 9...
Na6 $11 (9... Nf6 $1) 10. Qf3 Nc5 11. Nh3 h6 12. Nf2 Nf6 13. g4 $6 (13. Be2)
13... Ne8 $2 $11 (13... Ke8 $1 $15) 14. h4 Ba6 15. g5 h5 16. Rg1 f6 $2 (16...
Nb7 17. Qg3 Na5 $11) 17. gxf6 $14 gxf6 $6 (17... Nxf6) 18. Rg6 $14 Qf7 $2 (
18... Qh7) 19. Bh6+ $16 Ke7 20. Qg2 $2 (20. Qxh5 $1) 20... Kd8 $14 21. Be2 (21.
Rb1 $1) 21... Kc8 (21... c6 $1 $11) 22. Bxh5 $2 (22. Rb1) 22... Kb7 23. Be2 Nd6
24. Be3 Bxc4 $2 (24... Na4 $11) 25. Bxc5 $16 bxc5 $4 (25... Bxe2 $16 26. Bxd6
Bh5 27. Bxe5 fxe5 28. Rg5) 26. Rb1+ $18 Kc8 27. Bxc4 Nxc4 28. Ng4 Rb8 $2 (28...
Nb6) 29. Rxb8+ Kxb8 30. Nh6 Qe7 $2 (30... Qh7) 31. Rg7 Qd6 32. Nf7 Qb6 33. Nxh8
Ne3 $6 (33... Qb1+) 34. Qd2 Qb1+ 35. Kf2 Nc4 36. Qe2 Nd6 37. Rg4 a5 38. Kg2 Qc1
39. h5 Qa3 40. Rg3 Qc1 41. Qa6 Qc2+ $2 (41... Qd2+ 42. Kh3 Nc8) 42. Kh3 1-0

[Event "Camp.Nat.echipe -Div A-"]
[Site "Calimanesti-Caciulata"]
[Date "2014.11.12"]
[Round "5.2"]
[White "Badea Takacs, Bela"]
[Black "Dobre, Claudiu Cristian"]
[Result "1/2-1/2"]
[WhiteElo "2476"]
[BlackElo "2342"]
[PlyCount "82"]
[EventDate "2014.11.08"]
[EventType "team"]
[EventRounds "9"]
[WhiteTeam "CSU Brasov"]
[BlackTeam "Petrom Flacara Moreni"]

1. Nf3 d5 2. g3 Nf6 3. Bg2 c6 4. b3 Bg4 5. Bb2 Nbd7 6. O-O e6 7. d3 Bc5 8. Nbd2
O-O 9. a3 a5 $11 10. Qe1 $6 (10. c4 $1) 10... Qe7 $6 (10... Re8 $1 $15) 11. e4
dxe4 12. dxe4 Bxf3 13. Bxf3 e5 14. Nc4 b6 15. Bc3 Rfd8 16. Qe2 Bd4 $2 (16...
Bd6 $1 $11) 17. Bxd4 $14 exd4 18. a4 $2 (18. e5 $1 $14) 18... Re8 (18... Qc5 $1
$11) 19. Rfe1 $6 (19. Rad1 $1) 19... Qc5 20. Qd2 (20. e5 $1) 20... Ne5 21. Nxe5
Qxe5 22. Bg2 Rad8 23. h3 Qc5 24. Rad1 $11 Re7 25. Kh1 Ne8 26. f4 Nc7 27. e5 Ne6
28. f5 Nf8 29. Qf4 $2 (29. Qg5 $11) 29... Rde8 $2 (29... Qxc2 $1 $15) 30. Qxd4
$11 Qxd4 31. Rxd4 Rxe5 32. Rxe5 Rxe5 33. Bxc6 Rxf5 34. Rd8 Rf6 35. Bd5 g5 36.
c4 Kg7 37. c5 Ne6 $4 (37... bxc5 $11) 38. Bxe6 $4 (38. c6 $1 $16) 38... Rxe6
39. Rd5 Kf6 40. g4 bxc5 41. Rxc5 Re3 $11 1/2-1/2

[Event "Campionatele Nationale echipe - Div A -"]
[Site "Calimanesti-Caciulata"]
[Date "2014.11.08"]
[Round "1.2"]
[White "Andreescu, Darie-Ioan"]
[Black "Dobre, Claudiu Cristian"]
[Result "0-1"]
[WhiteElo "2295"]
[BlackElo "2342"]
[PlyCount "150"]
[EventDate "2014.11.08"]
[EventType "team"]
[EventRounds "9"]
[WhiteTeam "CS UNIVERSITATEA TARGOVISTE"]
[BlackTeam "CS PETROM FLACARA MORENI"]

1. d4 d5 2. c4 c6 3. Nf3 Nf6 4. e3 Bg4 5. Qb3 Qb6 6. Nc3 e6 7. Nh4 Bh5 8. h3
Qxb3 9. axb3 Na6 10. g4 Nb4 11. Ke2 g5 12. Nf3 Bg6 13. Kd2 Bc2 14. Ra3 Ne4+ 15.
Nxe4 Bxe4 16. Ke2 h5 17. Bg2 hxg4 18. hxg4 Rxh1 19. Bxh1 f5 20. Bg2 fxg4 21.
Ne1 Bxg2 22. Nxg2 Be7 23. Bd2 Kd7 24. Ra1 Rh8 25. Rxa7 Kc7 26. Bxb4 Bxb4 27.
Ra1 Rh2 28. Rg1 g3 29. fxg3 g4 30. Kf2 b6 31. Ra1 Kb7 32. Rf1 Bd6 33. Rg1 c5
34. Rd1 Kc6 35. Rg1 cxd4 36. exd4 e5 37. dxe5 Bc5+ 38. Kf1 d4 39. Ne1 d3 40.
Nxd3 Bxg1 41. Kxg1 Re2 42. Nf2 Rxe5 43. Nxg4 Re2 44. b4 Re4 45. Nf2 Rxc4 46.
Kf1 Rc2 47. Ke1 Rxb2 48. Nd3 Rg2 49. g4 Rg3 50. Ne5+ Kd5 51. Nd7 b5 52. Kf2 Rb3
53. g5 Rxb4 54. g6 Ke6 55. Kf3 Rb1 56. Kf2 Rc1 57. Nb6 Rc7 58. Ke3 Kd6 59. Ke4
Ke6 60. Kd4 Rc6 61. g7 Kf7 62. Nd5 Kxg7 63. Ne7 Rc4+ 64. Kd3 Kf6 65. Nd5+ Ke5
66. Nc3 Rc5 67. Na2 Kd6 68. Nc3 Kc6 69. Ne4 Rc1 70. Nd2 b4 71. Nc4 Kb5 72. Nb2
b3 73. Kd4 Kb4 74. Nd3+ Ka3 75. Nxc1 b2 0-1

[Event "Campionatele Nationale echipe - Div A -"]
[Site "Calimanesti-Caciulata"]
[Date "2014.11.09"]
[Round "2.2"]
[White "Dobre, Claudiu Cristian"]
[Black "Bogdan , Dan"]
[Result "1/2-1/2"]
[WhiteElo "2342"]
[BlackElo "2382"]
[PlyCount "56"]
[EventDate "2014.11.08"]
[EventType "team"]
[EventRounds "9"]
[WhiteTeam "CS PETROM FLACARA MORENI"]
[BlackTeam "CS APOLLO SATU-MARE"]

1. Nf3 f5 2. d3 d6 3. e4 e5 4. Nc3 c6 5. g3 Nf6 6. exf5 Bxf5 7. d4 Nbd7 8. Bg2
e4 9. Nh4 Bg4 10. Qd2 d5 11. O-O Be7 12. h3 Bh5 13. g4 Bf7 14. Nf5 O-O 15. g5
Nh5 16. f3 exf3 17. Bxf3 Bg6 18. Bg4 Bxf5 19. Rxf5 Rxf5 20. Bxf5 g6 21. Be6+
Kh8 22. Bg4 Ng7 23. Qe3 Nb6 24. b3 Nc8 25. Bd2 Nd6 26. Rf1 Qc7 27. Qg3 Rf8 28.
Bf4 Qd8 1/2-1/2

[Event "Campionatele Nationale echipe - Div A -"]
[Site "Calimanesti-Caciulata"]
[Date "2014.11.10"]
[Round "3.2"]
[White "Toma Andreica, Alin"]
[Black "Dobre, Claudiu Cristian"]
[Result "1/2-1/2"]
[WhiteElo "2219"]
[BlackElo "2342"]
[PlyCount "39"]
[EventDate "2014.11.08"]
[EventType "team"]
[EventRounds "9"]
[WhiteTeam "CSM CLUJ-NAPOCA"]
[BlackTeam "CS PETROM FLACARA MORENI"]

1. e4 c6 2. Nf3 d5 3. Nc3 Nf6 4. e5 Ne4 5. Be2 e6 6. O-O Be7 7. d4 c5 8. Be3
Nc6 9. dxc5 Nxc5 10. Nb5 a6 11. Nbd4 Nd7 12. Nxc6 bxc6 13. Qd4 O-O 14. Qg4 Kh8
15. Bd3 f5 16. exf6 Nxf6 17. Qa4 c5 18. Ne5 d4 19. Bg5 Bb7 20. Rae1 1/2-1/2

[Event "Campionatele Nationale echipe - Div A -"]
[Site "Calimanesti-Caciulata"]
[Date "2014.11.14"]
[Round "7.2"]
[White "Thesing, Matthias"]
[Black "Dobre, Claudiu Cristian"]
[Result "1/2-1/2"]
[WhiteElo "2310"]
[BlackElo "2342"]
[PlyCount "108"]
[EventDate "2014.11.08"]
[EventType "team"]
[EventRounds "9"]
[WhiteTeam "CS MUNCITORUL RESITA"]
[BlackTeam "CS PETROM FLACARA MORENI"]

1. e4 c6 2. c4 d5 3. cxd5 cxd5 4. exd5 Nf6 5. Nc3 Nxd5 6. Nf3 Nc6 7. Bb5 a6 8.
Bxc6+ bxc6 9. O-O Nxc3 10. bxc3 e6 11. Qa4 Bd7 12. Qg4 Qf6 13. Qg3 Rc8 14. d4
Qg6 15. Qf4 f6 16. a4 Qc2 17. Ba3 Bxa3 18. Rxa3 O-O 19. Qd6 Rfd8 20. Qc5 Be8
21. c4 Bg6 22. a5 Be4 23. h3 Qb2 24. Re1 Bxf3 25. Rxf3 Qxd4 26. Qxd4 Rxd4 27.
Rxe6 Kf7 28. Rfe3 Rc7 29. Re8 Ra7 30. R8e4 Rd1+ 31. Re1 Rxe1+ 32. Rxe1 Rb7 33.
Kf1 Rb4 34. Rc1 Ra4 35. Ke2 Rxa5 36. Rb1 Ra2+ 37. Ke3 Rc2 38. Rb7+ Kg6 39. Rb4
Kf5 40. Rb7 g5 41. Rxh7 Rxc4 42. Ra7 Re4+ 43. Kd3 Ra4 44. Rc7 Ra3+ 45. Kd4 Ra2
46. Ke3 Rc2 47. Ra7 Ke5 48. Rxa6 f5 49. Ra8 Rc3+ 50. Ke2 f4 51. Re8+ Kf5 52.
Rf8+ Ke5 53. Rg8 Kf5 54. Rf8+ Ke5 1/2-1/2

[Event "Campionatele Nationale echipe - Div A -"]
[Site "Calimanesti-Caciulata"]
[Date "2014.11.15"]
[Round "8.2"]
[White "Dobre, Claudiu Cristian"]
[Black "Vasilescu, Lucian-Mihail"]
[Result "0-1"]
[WhiteElo "2342"]
[BlackElo "2276"]
[PlyCount "55"]
[EventDate "2014.11.08"]
[EventType "team"]
[EventRounds "9"]
[WhiteTeam "CS PETROM FLACARA MORENI"]
[BlackTeam "CS OTOPENI"]

1. e4 c5 2. Nf3 Nc6 3. Bb5 g6 4. Bxc6 bxc6 5. O-O Bg7 6. Re1 f6 7. d3 d6 8.
Nbd2 Nh6 9. b3 O-O 10. Bb2 Nf7 11. h3 Rb8 12. Nh2 e5 13. Rf1 Ng5 14. Nhf3 Ne6
15. Kh2 Rb7 16. c3 f5 17. g3 Rbf7 18. Kg2 Ba6 19. c4 Bc8 20. Qe2 Bh6 21. Kh2
fxe4 22. dxe4 Qd7 23. Ng1 Ng5 24. h4 Nh3 25. Ndf3 Rxf3 26. Qxf3 Rxf3 27. Nxf3
Qg4 28. Ng1 0-1

[Event "Cupa de Toamna Cheia ed.1"]
[Site "Cheia"]
[Date "2014.10.31"]
[Round "3.1"]
[White "Miron, Lucian Costin"]
[Black "Dobre, Claudiu Cristian"]
[Result "0-1"]
[WhiteElo "2498"]
[BlackElo "2342"]
[PlyCount "72"]
[EventDate "2014.10.30"]
[EventType "swiss"]
[EventRounds "7"]

1. Nf3 d5 2. c4 c6 3. e3 Nf6 4. Nc3 Bg4 5. Qb3 Qb6 6. Ne5 Qxb3 ({
OK si asta, dar} 6... Be6 {e mai solida, totusi, se pare.}) 7. axb3 e6 8. Nxg4
Nxg4 9. d4 Nd7 10. f3 Ngf6 11. Bd3 a6 12. c5 e5 13. Kf2 Be7 $6 ({
Era mai logic direct} 13... g6 {- un plan pe care l-am gasit abia mai tarziu
in partida; insa albul oricum n-a creat mare lucru pana acum si, prin urmare,
consecintele nu prea exista...}) 14. b4 O-O 15. Bf5 g6 16. Bd3 $6 (16. Bh3 {
Pe "d3", desigur, nebunul nu va face mare lucru - in fapt, el se vaauto-inmorma
nta la b1, ulterior, si acolo va ramane pana la sfarsitul partidei...}) 16...
Rfe8 17. Bd2 Bf8 18. g4 Bg7 ({
N-as zice ca nu e o mutare buna, dar ceva mai precisa era} 18... Bh6 19. Rad1 (
19. Ne2 e4 20. Bc2 exf3 21. Kxf3 Ne4) 19... exd4 20. exd4 Bxd2 21. Rxd2 Nf8 $36
) 19. h3 exd4 20. exd4 Nf8 21. Rad1 $6 (21. Ne2 $11) 21... Ne6 $36 22. Be3 Nd7
$6 (22... Re7 $15 {Recunosc, nu inteleg foarte bine de ce aceasta mutare este
mai exacta - dar il cred pe Houdini...}) 23. Ne2 $2 ({Totusi mult prea pasiv...
Albul deja incepe sa aiba probleme greu de rezolvat dupa aceasta mutare.} 23.
Bc2 a5 24. bxa5 Rxa5 25. f4 {cu sanse aproximativ egale.}) 23... Re7 $15 24.
Bb1 $6 (24. Bc2 Rae8 25. Rd2 Nexc5 26. Bf4 Ne6 27. Bd6 Bf8 $15) 24... Rae8 $17
25. Nc3 ({Diferenta:} 25. Rd2 Nexc5 26. Bf4 $2 Nb3 $1) (25. Ng3 $5 Bf6 26. h4
Nexc5 $17) 25... Nexc5 26. Bg5 f6 27. Bxf6 $2 (27. Bf4 Ne6 28. Bd6 Rf7 $17)
27... Bxf6 $19 28. dxc5 $6 (28. bxc5) 28... Bh4+ $1 29. Kg2 Rf8 30. Rd4 Re3 $1
31. g5 (31. f4 Rg3+ 32. Kf1 (32. Kh2 Ne5 $1) 32... Rf3+ 33. Ke2 R8xf4) (31. Rf1
Ne5) 31... Rexf3 $1 32. Nd1 (32. Rxh4 Rf2+ 33. Kg1 {Mai expeditiv este} (33.
Kg3 R8f3+ 34. Kg4 Ne5#) 33... Rf1+ ({Eu am vazut doar} 33... Ne5 {
- si ea suficienta -} 34. Rh2 (34. Be4 dxe4 35. Rxe4 (35. Nxe4 Rxb2 36. Nf6+
Rxf6 37. gxf6 Nf3+) 35... Rf1+ 36. Kg2 R8f2+ 37. Kg3 Rf3+ 38. Kg2 R1f2+ 39. Kg1
Nd3 40. Rg4 Nf4) 34... Rxh2 35. Kxh2 Nf3+ 36. Kg3 Nxh4 37. Kxh4 Rf4+ 38. Kg3
Rxb4 39. Nd1 Rb5 $19) 34. Kg2 R8f2+ 35. Kg3 Rf3+ $1 36. Kh2 R1f2+ 37. Kg1 Rxb2)
32... Rg3+ (32... R8f4 {- parerea mea e ca e chestie de preferinta aici, si
varianta mea fiind profund castigata...}) 33. Kh2 Ne5 34. Rxh4 Rxg5 35. Rg4
Nxg4+ 36. hxg4 Rxg4 {O partida bine jucata, cu doar mici (si putin importante)
inexactitati, ici-colo... Si adversarul s-a aflat intr-o dispozitie de joc cel
putin indiferenta, indraznesc sa presupun, si a jucat foarte pasiv.} 0-1

[Event "Arad ROM, 7th Open"]
[Site "Arad ROM"]
[Date "2014.08.06"]
[Round "4.16"]
[White "Bonte, Andrei-Mihai"]
[Black "Dobre, Claudiu Cristian"]
[Result "0-1"]
[WhiteElo "2251"]
[BlackElo "2374"]
[PlyCount "110"]
[EventDate "2014.08.04"]
[EventType "swiss"]
[EventRounds "9"]
[EventCountry "ROM"]
[Source "Chess Mix"]
[SourceDate "2014.08.01"]

1. d4 d5 2. c4 c6 3. Nf3 Nf6 4. cxd5 cxd5 5. Nc3 Nc6 6. Bf4 Bf5 7. Qb3 Qb6 8.
Qxb6 axb6 9. e3 e6 10. Bb5 Nd7 11. Nh4 Bg6 12. Nxg6 hxg6 13. O-O Bb4 14. Rfc1
Ke7 15. a3 Bd6 16. Bxd6+ Kxd6 17. b4 Rhc8 18. Ba4 Ke7 19. Kf1 b5 20. Bxb5 Nxb4
21. Na4 Rxc1+ 22. Rxc1 Nc6 23. Ke2 Kd6 24. Rc3 Rc8 25. Kd2 Rc7 26. h4 Na5 27.
Rxc7 Kxc7 28. Kc3 Nc6 29. Nb2 Nf6 30. f3 Ne8 31. Bd3 Nd6 32. e4 Ne7 33. Nd1 Kc6
34. Ne3 Nb5+ 35. Bxb5+ Kxb5 36. Kb3 f5 37. exd5 exd5 38. f4 Nc6 39. Kc3 Ne7 40.
Kb3 Ka5 41. a4 Nc6 42. Nxd5 Nxd4+ 43. Kc4 Ne6 44. Kb3 Nc5+ 45. Ka3 Nxa4 46. Ne7
Nc3 47. h5 Ne2 48. hxg6 Ng3 49. Nc8 Kb5 50. Kb3 Kc5 51. Na7 Kd4 52. Nb5+ Ke3
53. Nc7 Nh5 54. Nd5+ Kd4 55. Ne7 Ke4 0-1

[Event "Arad ROM, 7th Open"]
[Site "Arad ROM"]
[Date "2014.08.07"]
[Round "5.4"]
[White "Dobre, Claudiu Cristian"]
[Black "Balog, Imre"]
[Result "0-1"]
[WhiteElo "2374"]
[BlackElo "2520"]
[PlyCount "118"]
[EventDate "2014.08.04"]
[EventType "swiss"]
[EventRounds "9"]
[EventCountry "ROM"]
[Source "Chess Mix"]
[SourceDate "2014.08.01"]

1. d4 Nf6 2. Nf3 g6 3. c4 Bg7 4. Nc3 O-O 5. e4 d6 6. Be2 c5 7. h3 Nc6 8. Be3 b6
9. d5 Na5 10. O-O e5 11. g4 h5 12. Ne1 Nh7 13. f3 f5 14. Ng2 f4 15. Bf2 Bf6 16.
Kh2 hxg4 17. hxg4 Kg7 18. Rh1 Rh8 19. Kg1 Ng5 20. Nh4 Qe7 21. Kg2 Nf7 22. Qe1
Bd7 23. Rh2 Rh6 24. Nf5+ gxf5 25. Rxh6 Nxh6 26. exf5 Rh8 27. Qd2 Nf7 28. Rh1
Rxh1 29. Kxh1 Ng5 30. Bh4 Nh7 31. Bf2 Bh4 32. Qe1 Bxf2 33. Qxf2 Ng5 34. Qh4 Qf6
35. Kg2 Qh6 36. Qxh6+ Kxh6 37. Bd3 Kg7 38. b3 Kf6 39. Be4 a6 40. Nb1 Nb7 41.
Nd2 Nd8 42. Nb1 Ndf7 43. Nc3 Nh6 44. Kf2 b5 45. Bc2 b4 46. Ne2 a5 47. Bb1 a4
48. Bc2 a3 49. Bb1 Ngf7 50. Kg2 Kg5 51. Ng1 Kh4 52. Nh3 Ng8 53. Bc2 Nf6 54. Nf2
Ng5 55. Bb1 e4 56. Bxe4 Ngxe4 57. fxe4 Nxg4 58. Nh3 f3+ 59. Kxf3 Kxh3 0-1

[Event "Arad ROM, 7th Open"]
[Site "Arad ROM"]
[Date "2014.08.08"]
[Round "6.20"]
[White "Marjanovic, Annamaria"]
[Black "Dobre, Claudiu Cristian"]
[Result "1-0"]
[WhiteElo "2125"]
[BlackElo "2374"]
[PlyCount "128"]
[EventDate "2014.08.04"]
[EventType "swiss"]
[EventRounds "9"]
[EventCountry "ROM"]
[Source "Chess Mix"]
[SourceDate "2014.08.01"]

1. e4 c6 2. Nc3 d5 3. Nf3 dxe4 4. Nxe4 Bg4 5. h3 Bxf3 6. Qxf3 e6 7. Bc4 Nd7 8.
Bb3 Nc5 9. Nxc5 Bxc5 10. c3 Nf6 11. d4 Be7 12. O-O O-O 13. Bg5 a5 14. Rfd1 a4
15. Bc2 a3 16. b3 Nd5 17. Bxe7 Qxe7 18. Rac1 Rfd8 19. Be4 Nf6 20. c4 Rd7 21.
Rd3 Rad8 22. Rcd1 h6 23. Qe3 Nxe4 24. Qxe4 Qb4 25. Rg3 Qa5 26. Rgd3 Rd6 27. Qe3
b5 28. Qd2 Qa7 29. Qc3 R6d7 30. R1d2 Qb6 31. Rd1 b4 32. Qd2 Qb8 33. Qe3 Rd6 34.
Qe5 Qa7 35. Rg3 g6 36. Rgd3 R6d7 37. Qf4 Kh7 38. Qe5 Qb6 39. R1d2 Kg8 40. g3
Qa7 41. Qf4 Rd6 42. Qe5 Kh7 43. Kh2 c5 44. d5 Qb7 45. Kg1 exd5 46. Rxd5 Rxd5
47. cxd5 Qd7 48. Kh2 Re8 49. Qf6 Re4 50. Kg2 c4 51. f3 c3 52. fxe4 cxd2 53. Qd4
Qd6 54. Qxd2 f5 55. exf5 gxf5 56. Qd3 Kg6 57. g4 Qe5 58. d6 Qc3 59. Qxf5+ Kg7
60. Qd7+ Kg6 61. Qe6+ Kg7 62. d7 Qc2+ 63. Kf3 Qd3+ 64. Kf4 Qd4+ 1-0

[Event "Targu Mures ROM, Men Ch 2014"]
[Site "Targu Mures ROM"]
[Date "2014.04.27"]
[Round "2.17"]
[White "Dobre, Claudiu Cristian"]
[Black "Martian, Dragos Daniel"]
[Result "1-0"]
[WhiteElo "2360"]
[BlackElo "2188"]
[PlyCount "109"]
[EventDate "2014.04.26"]
[EventType "swiss"]
[EventRounds "11"]
[EventCountry "ROM"]
[Source "Chess Mix"]

1. b3 Nf6 2. Bb2 e6 3. e3 d5 4. f4 c5 5. Nf3 Nc6 6. Bb5 Bd7 7. O-O Bd6 8. a4
O-O 9. Ne5 Be8 10. Nxc6 bxc6 11. Bd3 Rb8 12. c4 Qe7 13. Qc2 e5 14. fxe5 Bxe5
15. Bxe5 Qxe5 16. Nc3 Bd7 17. Rf4 d4 18. Ne4 Ng4 19. Ng3 dxe3 20. Raf1 g6 21.
h3 Nh6 22. dxe3 Qxe3+ 23. Kh2 f5 24. R4f3 Qe5 25. Qd2 Nf7 26. Bc2 Rfd8 27. Re1
Qb2 28. Re7 Be8 29. Qe2 Kf8 30. Rxa7 Rd7 31. Rxd7 Bxd7 32. Qd1 Be6 33. Rd3 Kg7
34. Rd2 Qc3 35. Qe1 Rd8 36. Re2 Qxe1 37. Rxe1 Kf6 38. Kg1 Ng5 39. h4 Nf7 40. a5
Ra8 41. Ra1 Bc8 42. Ne2 h6 43. Nf4 Nd8 44. Nd3 Ne6 45. Bd1 Ba6 46. Kf2 g5 47.
hxg5+ hxg5 48. Ke3 Rd8 49. Ra2 Rd6 50. Rd2 Rd4 51. Rf2 Rd8 52. Kd2 Nf4 53. Rxf4
gxf4 54. Kc2 Rd4 55. Bf3 1-0

[Event "Targu Mures ROM, Men Ch 2014"]
[Site "Targu Mures ROM"]
[Date "2014.04.27"]
[Round "3.4"]
[White "Miron, Lucian Costin"]
[Black "Dobre, Claudiu Cristian"]
[Result "1/2-1/2"]
[WhiteElo "2517"]
[BlackElo "2360"]
[PlyCount "39"]
[EventDate "2014.04.26"]
[EventType "swiss"]
[EventRounds "11"]
[EventCountry "ROM"]
[Source "Chess Mix"]

1. Nf3 d5 2. c4 c6 3. e3 Nf6 4. Nc3 Bg4 5. cxd5 Bxf3 6. Qxf3 cxd5 7. g4 e6 8.
d4 Nc6 9. Bd3 a6 10. g5 Nd7 11. Qg2 Nb6 12. O-O g6 13. e4 Bg7 14. exd5 Nxd5 15.
Nxd5 exd5 16. Re1+ Ne7 17. Be3 O-O 18. Bc2 Qd7 19. Bb3 Rfd8 20. Rac1 1/2-1/2

[Event "Targu Mures ROM, Men Ch 2014"]
[Site "Targu Mures ROM"]
[Date "2014.04.28"]
[Round "4.6"]
[White "Dobre, Claudiu Cristian"]
[Black "Barnaure, Vlad Victor"]
[Result "1/2-1/2"]
[WhiteElo "2360"]
[BlackElo "2508"]
[PlyCount "158"]
[EventDate "2014.04.26"]
[EventType "swiss"]
[EventRounds "11"]
[EventCountry "ROM"]
[Source "Chess Mix"]

1. b3 b6 2. Bb2 Bb7 3. c4 Nf6 4. e3 g6 5. Nf3 Bg7 6. Be2 O-O 7. O-O d6 8. Nc3
e5 9. d4 Nbd7 10. Qc2 Re8 11. Rad1 e4 12. Nd2 Qe7 13. d5 a6 14. Rfe1 h5 15. b4
Bc8 16. Nb3 Ne5 17. Nxe4 Nxe4 18. Qxe4 Nf3+ 19. Qxf3 Bxb2 20. e4 Qxe4 21. Qxe4
Rxe4 22. Bd3 Rxe1+ 23. Rxe1 Kf8 24. Rb1 Bc3 25. Nc1 a5 26. b5 Bd7 27. Ne2 Bb4
28. Nd4 Re8 29. Kf1 Kg7 30. a4 Kf6 31. Nc2 Bc3 32. Rd1 Bg4 33. f3 Bd7 34. Kf2
h4 35. Rh1 Kg7 36. Rd1 g5 37. g3 Rh8 38. Kg2 f5 39. Rf1 Kf6 40. Rf2 hxg3 41.
hxg3 Be5 42. Rd2 Rh6 43. Kf2 Be8 44. Kg2 Bg6 45. Rf2 Rh8 46. Rd2 Re8 47. Rd1
Bc3 48. Kf2 Re7 49. Rh1 Kg7 50. Rd1 Re8 51. Kf1 Be5 52. Kf2 Rh8 53. Kg2 Kf6 54.
Rd2 Rb8 55. Rd1 Rc8 56. Rd2 Rd8 57. Rd1 Ra8 58. Rd2 Rc8 59. Rd1 Re8 60. Kf2 Rh8
61. Kg2 Bc3 62. Rh1 Re8 63. Kf2 Be5 64. Rd1 Re7 65. Rd2 Bc3 66. Rd1 Rh7 67. Kg2
Rh8 68. Rh1 Re8 69. Kf2 Kg7 70. Rd1 Kf7 71. Rh1 Be5 72. Rd1 Rh8 73. Kg2 Kf6 74.
Rd2 f4 75. g4 Bc3 76. Rd1 Re8 77. Kf2 Bb4 78. Bxg6 Kxg6 79. Kf1 Bc3 1/2-1/2